Geography Quiz

Random Geography or City Quiz
Score 0/20 Timer 06:00
2 Plays Today
Rank City % Correct
4Hartford
96.9%
2New Haven
83.3%
1Bridgeport
74.9%
3Stamford
67.3%
10Greenwich
50.4%
5Waterbury
47.7%
7Danbury
46.5%
9West Hartford
38.9%
6Norwalk
37.4%
11Fairfield
35.7%
Rank City % Correct
18East Hartford
32.4%
13Bristol
31.1%
8New Britain
30.8%
15West Haven
30.2%
16Milford
26.8%
19Middletown
26.1%
14Meriden
22.3%
12Hamden
20.7%
17Stratford
18.6%
20Shelton
12.3%
Remove Ads.
Support Sporcle.
Get the best of Sporcle when you Go Orange. This ad-free experience offers more features, more stats, and more fun while also helping to support Sporcle. Thank you for becoming a member.

You're not logged in!

Compare scores with friends on all Sporcle quizzes.
OR
Log In

Show Comments

Extras

Top Quizzes Today


Score Distribution

Your Account Isn't Verified!

In order to create a playlist on Sporcle, you need to verify the email address you used during registration. Go to your Sporcle Settings to finish the process.

Report this User

Report this user for behavior that violates our Community Guidelines.

Details: